000 00661nam a2200193Ia 4500
008 151121s9999||||xx |||||||||||||| ||und||
082 _a812/साठे
082 _bHNW-22436
100 _aसाठे शं।गो।
245 _a"धन्य मी, कृतार्थ मी"
260 _b"पॉप्युलर प्रकाशन, मुंबई"
260 _c--
300 _a93
600 _aसाठे शं।गो।
630 _a"धन्य मी, कृतार्थ मी"
700 _aसाठे शं।गो।
730 _a"धन्य मी, कृतार्थ मी"
942 _cBOOK
999 _c1222040
_d1222037